00770nam a2200253 a 4500001001300000003000900013005001700022008004100039020001000080082001500090100002200105245008000127260003200207300000800239500003500247505001000282650002200292650002200314700002200336902000800358942000700366952012800373999001500501nice12345678IN_TiNIC20260116013119.0050524s1995 lona grp 000 0 eng  ac67500a297.4bLEW aLewisohn, Leonard aBeyond Faith and InfidelitybSufi Poetry and Teaching Sof Mahmud Shabistari aLondonbCurzon Press c1995 a344 aincludes index and biblioraphy2 aIndex aSufism-Shabistari aGarden of Mystery1 aLewisohn, Leonard bSRS cBK 001040708StackRoom-aHMIbHMId2007-09-17g675.00l1o297.4 LEWp019324r2018-08-10s2018-08-07v675.00w2005-05-24yBK c9709d9709